000 00526nam a2200205Ia 4500
005 20250508151902.0
008 008 250505s9999 xx 000 0 hin d
037 _aTextual
040 _aFEDL
_beng
_cFEDL
041 _ahin
_2eng
084 _a150, MAR
_qFEDL
100 _aMarathe R M
_9760267
245 0 _aSubodh manasshastra
260 _aPune, India
_bWhinas Book Stall
_c1954
300 _a64p
365 _aINR
_b1
650 _aPsychology
942 _cTEXL
_h150, MAR
999 _c1332717
_d1332717